Ley federal y transformación educativa /
Guardado en:
| Autor Principal: | |
|---|---|
| Otros Autores: | |
| Formato: | Libro |
| Publicado: |
Buenos Aires :
Troquel,
1995
|
| Series: | Educación
|
| Materias: | |
| Etiquetas: |
Agregar Etiqueta
Sin Etiquetas, Sea el primero en etiquetar este registro!
|
| LEADER | 00965nam a22002535a 4500 | ||
|---|---|---|---|
| 001 | CEM.cems009096 | ||
| 005 | 20090907094115.0 | ||
| 008 | 130507s1995##################000#0#####d | ||
| 003 | CEMS | ||
| 020 | |a 9501630730 | ||
| 082 | 0 | 4 | |a 379.14 |
| 100 | 1 | |a Albergucci, Roberto Horacio | |
| 245 | 1 | 0 | |a Ley federal y transformación educativa / |c Roberto Horacio Albergucci ; prólogo de Juan Carlos Tedesco |
| 260 | |a Buenos Aires : |b Troquel, |c 1995 | ||
| 300 | |a 294 p. | ||
| 490 | 0 | |a Educación | |
| 505 | 0 | |a Ley Federal de Educación -- Organización de la educación pública -- Transformación para la calidad de la educación -- Descentralización y unidad del sistema federal de educación | |
| 653 | |a Educación | ||
| 653 | |a Educación general básica | ||
| 653 | |a Educación inicial | ||
| 653 | |a Educación polimodal | ||
| 653 | |a Educación y trabajo | ||
| 700 | 1 | |a Tedesco, Juan Carlos, pról. | |
| 859 | |a CEMS |b BIB. CEMS - 11 de abril |h 379.14 |i Al14 |p 18694.95 |t Ej.1 | ||
